Word Ladder: Meat & Seafood Quiz Stats

 Plays Quiz Updated Jun 15, 2017

Support Sporcle.
Go Orange.
Score 0/39 Timer 05:00
2 Plays Today
Clue Word % Correct
◊Meat from pigs◊◊PORK◊
94.7%
When the ball is slammed in the basket in basketballDUNK
93.5%
Insects that collect pollenBEES
93.2%
Where Satan residesHELL
92.8%
Two friends who often write mail to each other: 'Pen ____'PALS
92.5%
◊Meat from young sheep◊◊LAMB◊
92.3%
A place where a boat can stopDOCK
91.8%
A corridor in a buildingHALL
91.5%
◊Meat from bovine◊◊BEEF◊
91.3%
Slang for someone stupid or not coolDORK
90.4%
◊Meat from water fowl◊◊DUCK◊
90.2%
A hand with the fingers curled upFIST
90%
Slang for girlsGALS
89.5%
An outcropping of coral in the oceanREEF
89.4%
Density = ____ divided by volumeMASS
88.8%
A title used to describe an unmarried womanMISS
88.6%
◊Seafood from a water animal◊◊FISH◊
88.5%
Picks up with the eyesSEES
88.4%
Italian car brandFIAT
88.1%
To smell unpleasantREEK
88%
Clue Word % Correct
To return to healthHEAL
87.4%
Structures used to hold back waterDAMS
87.4%
To look at quicklyPEEK
87.3%
Damp, mustyDANK
87.3%
To die, or ____ awayPASS
87.2%
___ Aykroyd & ___ MarinoDANS
86.9%
A circular platter to eat offDISH
86.4%
A benefit for being part of a groupPERK
86.4%
Smooth and evenFLAT
86.2%
Bold behaviorGALL
86.1%
An insultDISS
84.5%
An important figure's insigniaSEAL
80.5%
◊Seafood from a crustacean◊◊CRAB◊
79.4%
To squeeze something inCRAM
78.8%
◊Seafood from mollusks◊◊CLAM◊
77.6%
An Ice-Water PokémonSEEL
76.9%
Squeezes or packs tightlyJAMS
72.8%
The surface or side post of a doorwayJAMB
72.4%
A basic pattern of drummingFLAM
72.1%

Today's Daily Dose

You're not logged in!

Compare scores with friends on all Sporcle quizzes.
OR
Log In
Forgot?

From the Vault

Rhymes with 'Truck'

by slipkid

If you're in public you're going to seem mighty crazy as you come up with a bunch of nonsense words for this quiz.
Remove Ads.
Support Sporcle.
Get the best of Sporcle when you Go Orange. This ad-free experience offers more features, more stats, and more fun while also helping to support Sporcle. Thank you for becoming a member.

Show Comments

Extras

Top Quizzes Today


Score Distribution

Your Account Isn't Verified!

In order to create a playlist on Sporcle, you need to verify the email address you used during registration. Go to your Sporcle Settings to finish the process.

Report this User

Report this user for behavior that violates our Community Guidelines.

Details: